| 000 | 00529nam a2200169Ia 4500 | ||
|---|---|---|---|
| 008 | 140925s9999 xx 000 0 und d | ||
| 245 |
_aInternational Journal of Advances in Computing and Information Technology / _h[electronic resource] |
||
| 260 | _b IPA Journals, | ||
| 516 | _aElectronic text | ||
| 650 | _aAdvance Technology. | ||
| 650 | _aInformation Technology. | ||
| 650 | _aJournal. | ||
| 830 | _aIPA Journals | ||
| 856 | _uhttp://www.ijacit.com/articles.html | ||
| 942 | _cEJ | ||
| 999 |
_c275706 _d275706 |
||